Central Africa Map Quiz - Statistics

General Stats
  • This quiz has been taken 6,686 times
  • The average score is 8 of 9
Answers on the Map
Answers color-coded by a green-red scale on the quiz's map according to % correct below.
 
Answer Stats
Answer % Correct
Central African Republic
88%
Chad
88%
Democratic Republic
of the Congo
88%
São Tomé and Príncipe
88%
Angola
86%
Equatorial Guinea
85%
Cameroon
84%
Republic of the Congo
82%
Gabon
80%
No matching quizzes found
Score Distribution
Percent of People with Each Score
Percentile by Number Answered
Your Score History
You have not taken this quiz